Normal view
MARC view
- Somervell.D.C
Entry Personal Name
001 - CONTROL NUMBER
- control field: 108311
003 - CONTROL NUMBER IDENTIFIER
- control field: NUST
005 - DATE AND TIME OF LATEST TRANSACTION
- control field: 20230131183443.0
008 - FIXED-LENGTH DATA ELEMENTS
- fixed length control field: 230131|| aca||aabn | a|a d
040 ## - CATALOGING SOURCE
- Original cataloging agency: NUST
- Transcribing agency: NUST
100 ## - HEADING--PERSONAL NAME
- Personal name: Somervell.D.C
670 ## - SOURCE DATA FOUND
- Source citation: Work cat.: (NUST)187216: Somervell.D.C, The British Empire /, 1930
